000 00472nam a22001817a 4500
003 OSt
005 20211019103611.0
008 211019b |||||||| |||| 00| 0 eng d
020 _a0340807113
040 _cHAWASSA UNIVERSITY
050 _a631.40913/FUL
_b1
082 _a631.40913/FUL
_b1
100 _aFULLEN MICHAEL A.
_914141
245 _aSOIL MANAGEMENT PROBLEMS AND SOLUTIONS
260 _aLONDON
_bNEW YORK
_c2004
300 _axviii/269
942 _2ddc
_cBOOKS
_n0
999 _c13224
_d13224